[Event "C'Chartres Blitz op April"]
[Site "Europe Echecs INT"]
[Date "2021.04.10"]
[Round "2"]
[White "Bulmaga, Irina"]
[Black "Benoit, David"]
[Result "1-0"]
[WhiteElo "2440"]
[BlackElo "1933"]
[PlyCount "78"]
[EventDate "2021.04.10"]
[EventType "swiss (blitz)"]
[EventRounds "11"]
[EventCountry "FRA"]
[SourceTitle "CBM 201 Extra"]
[Source "ChessBase"]
[SourceDate "2021.05.31"]
[SourceVersion "1"]
[SourceVersionDate "2021.05.31"]
[SourceQuality "1"]

1. e4 c5 2. Be2 Nc6 3. f4 e6 4. Nf3 d5 5. e5 Be7 6. c3 Bh4+ 7. Nxh4 Qxh4+ 8. g3 Qd8 9. 0-0 Nge7 10. d3 0-0 11. Nd2 a6 12. Nf3 b5 13. d4 cxd4 14. cxd4 Ng6 15. b3 Bb7 16. Be3 Rc8 17. h4 Nge7 18. g4 g6 19. Bd3 Nb4 20. Ne1 Nxd3 21. Nxd3 Nc6 22. Bf2 Qe7 23. Nc5 Rc7 24. Qd2 Rfc8 25. Kh2 f6 26. exf6 Qxf6 27. Rae1 Re8 28. Re2 Rf8 29. Nxe6 Re7 30. Nxf8 Rxe2 31. Qxe2 Qxf4+ 32. Kg1 Qxf8 33. Bg3 Qe7 34. Qxe7 Nxe7 35. Rf6 Nc6 36. Be5 Nb4 37. a3 Nd3 38. Rb6 Nxe5 39. dxe5 Bc8 1-0

[Event "Cappelle Online Bullet op"]
[Site "Europe Echecs INT"]
[Date "2021.03.05"]
[Round "6"]
[White "Benoit, David"]
[Black "Dardha, Arben"]
[Result "0-1"]
[WhiteElo "1933"]
[BlackElo "2227"]
[PlyCount "58"]
[EventDate "2021.03.05"]
[EventType "swiss (blitz)"]
[EventRounds "15"]
[EventCountry "FRA"]
[SourceTitle "EXT 2022"]
[Source "ChessBase"]
[SourceDate "2021.10.06"]
[SourceVersion "1"]
[SourceVersionDate "2021.10.06"]
[SourceQuality "1"]

1. e4 c5 2. Nf3 Nc6 3. d4 cxd4 4. c3 e5 5. cxd4 exd4 6. Bc4 d6 7. 0-0 Be7 8. Re1 Nf6 9. Bg5 0-0 10. Nbd2 h6 11. Bxf6 Bxf6 12. Nb3 Ne5 13. Bd5 Bg4 14. h3 Nxf3+ 15. gxf3 Bxh3 16. Nxd4 Be5 17. f4 Bxd4 18. Qh5 Be6 19. Bxe6 fxe6 20. Rad1 Qf6 21. Rd3 e5 22. Rg3 exf4 23. Rg2 Rf7 24. Rg6 Qe5 25. Qh2 Re8 26. Re2 Re6 27. Qg2 Rxg6 28. Qxg6 Rf6 29. Qe8+ Qxe8 0-1

[Event "Cappelle Online Bullet op"]
[Site "Europe Echecs INT"]
[Date "2021.03.05"]
[Round "8"]
[White "Benoit, David"]
[Black "Mallevaey, Armand"]
[Result "1-0"]
[WhiteElo "1933"]
[BlackElo "1692"]
[PlyCount "61"]
[EventDate "2021.03.05"]
[EventType "swiss (blitz)"]
[EventRounds "15"]
[EventCountry "FRA"]
[SourceTitle "EXT 2022"]
[Source "ChessBase"]
[SourceDate "2021.10.06"]
[SourceVersion "1"]
[SourceVersionDate "2021.10.06"]
[SourceQuality "1"]

1. e4 c5 2. Nf3 e6 3. d4 cxd4 4. c3 dxc3 5. Bc4 cxb2 6. Bxb2 Qa5+ 7. Nc3 Qc7 8. Bb3 Nc6 9. 0-0 a5 10. Bc2 b6 11. Qd3 Nb4 12. Qd2 Nxc2 13. Qxc2 Bb7 14. Rac1 Rc8 15. Qd3 Qb8 16. h3 Nf6 17. Nd2 Bb4 18. f4 Bxc3 19. Bxc3 0-0 20. e5 Nd5 21. Ne4 Nxc3 22. Nxc3 Ba8 23. Rf2 Qb7 24. Qg3 g6 25. Rcf1 h5 26. Nd1 Qe4 27. Ne3 Rc3 28. Rf3 Rxe3 29. Rxe3 Qf5 30. Re2 Bb7 31. Ref2 1-0

[Event "Cappelle Online Bullet op"]
[Site "Europe Echecs INT"]
[Date "2021.03.05"]
[Round "2"]
[White "Benoit, David"]
[Black "Pallaro, Jean Yves"]
[Result "1-0"]
[WhiteElo "1933"]
[BlackElo "1366"]
[PlyCount "85"]
[EventDate "2021.03.05"]
[EventType "swiss (blitz)"]
[EventRounds "15"]
[EventCountry "FRA"]
[SourceTitle "EXT 2022"]
[Source "ChessBase"]
[SourceDate "2021.10.06"]
[SourceVersion "1"]
[SourceVersionDate "2021.10.06"]
[SourceQuality "1"]

1. e4 g6 2. Nf3 Bg7 3. d4 b6 4. e5 Bb7 5. Bc4 Bxf3 6. Qxf3 e6 7. Qxa8 c6 8. Be3 Qc7 9. Nc3 b5 10. Bd3 Ne7 11. a4 0-0 12. axb5 Na6 13. b6 Qxb6 14. d5 Qb4 15. Qxa7 Qxb2 16. 0-0 Qxc3 17. Qxa6 Bxe5 18. Qc4 Qxc4 19. Bxc4 exd5 20. Bd3 d4 21. Bd2 Nd5 22. f4 Bf6 23. Ra7 d6 24. f5 c5 25. fxg6 hxg6 26. Bc4 Nb6 27. Rxf6 Nxc4 28. Bh6 Re8 29. Raxf7 Re1+ 30. Kf2 Ne5 31. Rf8+ Kh7 32. Bg5 Ng4+ 33. Kg3 Nxf6 34. Bxf6 Kh6 35. Be7 Re3+ 36. Kf2 Re4 37. Bxd6 Kg5 38. Re8 Rxe8 39. h4+ Kh5 40. Bg3 Rf8+ 41. Kg1 Rd8 42. Kh2 Re8 43. Kh3 1-0

[Event "Cappelle Online Bullet op"]
[Site "Europe Echecs INT"]
[Date "2021.03.05"]
[Round "5"]
[White "Karavaeva, Olga"]
[Black "Benoit, David"]
[Result "0-1"]
[WhiteElo "2260"]
[BlackElo "1933"]
[PlyCount "98"]
[EventDate "2021.03.05"]
[EventType "swiss (blitz)"]
[EventRounds "15"]
[EventCountry "FRA"]
[SourceTitle "EXT 2022"]
[Source "ChessBase"]
[SourceDate "2021.10.06"]
[SourceVersion "1"]
[SourceVersionDate "2021.10.06"]
[SourceQuality "1"]

1. c4 Nf6 2. Nc3 e5 3. g3 Bb4 4. Nd5 Nxd5 5. cxd5 d6 6. Bg2 Bd7 7. e3 Ba5 8. Ne2 0-0 9. 0-0 f5 10. b3 Bb6 11. Bb2 c6 12. dxc6 Nxc6 13. d4 e4 14. d5 Ne7 15. Nf4 Rc8 16. a4 a5 17. Bd4 Bxd4 18. Qxd4 Ng6 19. Rac1 Nxf4 20. gxf4 Rxc1 21. Rxc1 Qf6 22. Qxf6 Rxf6 23. Rc7 Rf7 24. Bf1 Be8 25. Rc8 Kf8 26. Bb5 Re7 27. Rb8 Kf7 28. Bxe8+ Rxe8 29. Rxb7+ Re7 30. Rb5 Ra7 31. f3 exf3 32. Kf2 Kf6 33. Kxf3 g5 34. Rb6 Ke7 35. fxg5 f4 36. exf4 Rc7 37. Rc6 Rb7 38. Rc3 Rb4 39. Re3+ Kf7 40. h4 Rd4 41. Kg4 Rxd5 42. h5 Rd4 43. Kf5 Rd5+ 44. Kg4 Rd4 45. Rc3 Rd5 46. Rc7+ Ke6 47. g6 hxg6 48. h6 Rd4 49. h7 g5 0-1

[Event "Europe Echecs Blitz Nov op"]
[Site "Europe Echecs INT"]
[Date "2020.11.08"]
[Round "2"]
[White "Benoit, David"]
[Black "Di Nicolantonio, Lucas"]
[Result "0-1"]
[WhiteElo "1933"]
[BlackElo "2414"]
[PlyCount "80"]
[EventDate "2020.11.08"]
[EventType "swiss (blitz)"]
[EventRounds "11"]
[EventCountry "FRA"]
[SourceTitle "CBM 199 Extra"]
[Source "ChessBase"]
[SourceDate "2021.01.31"]
[SourceVersion "1"]
[SourceVersionDate "2021.01.31"]
[SourceQuality "1"]

1. e4 c5 2. Nf3 d6 3. d4 cxd4 4. Qxd4 Nf6 5. Bg5 e6 6. Nc3 a6 7. Bc4 Nc6 8. Qd2 b5 9. Bb3 Bb7 10. h4 h6 11. Bxf6 Qxf6 12. 0-0-0 Be7 13. Nd4 Nxd4 14. Qxd4 Qxd4 15. Rxd4 0-0 16. f3 Rfd8 17. g4 Rac8 18. f4 Bf6 19. e5 Bxh1 20. exf6 gxf6 21. g5 hxg5 22. hxg5 fxg5 23. fxg5 d5 24. Rh4 Bf3 25. Rf4 Bh5 26. Nd1 Bg6 27. c3 d4 28. Rf3 d3 29. Kd2 e5 30. Ne3 e4 31. Rf6 Kg7 32. Rxa6 Rh8 33. Ng4 Rc5 34. Ke3 Rxg5 35. Nf2 Rg3+ 36. Kd4 e3 37. Nxd3 Rd8+ 38. Bd5 Bxd3 39. Kxd3 Rxd5+ 40. Ke4 e2 0-1

[Event "Europe Echecs Blitz Nov op"]
[Site "Europe Echecs INT"]
[Date "2020.11.08"]
[Round "6"]
[White "Benoit, David"]
[Black "Unuk, Laura"]
[Result "0-1"]
[WhiteElo "1933"]
[BlackElo "2346"]
[PlyCount "52"]
[EventDate "2020.11.08"]
[EventType "swiss (blitz)"]
[EventRounds "11"]
[EventCountry "FRA"]
[SourceTitle "CBM 199 Extra"]
[Source "ChessBase"]
[SourceDate "2021.01.31"]
[SourceVersion "1"]
[SourceVersionDate "2021.01.31"]
[SourceQuality "1"]

1. e4 c6 2. f4 d5 3. e5 c5 4. d4 Nc6 5. dxc5 e6 6. Nf3 Bxc5 7. Nc3 Nge7 8. Bb5 0-0 9. Qe2 Nf5 10. g4 Nfd4 11. Nxd4 Nxd4 12. Qg2 Qh4+ 13. Qg3 Qxg3+ 14. hxg3 Nxc2+ 15. Kd2 Nxa1 16. b3 Bb4 17. Bb2 d4 18. Bxa1 dxc3+ 19. Bxc3 Rd8+ 20. Kc2 Bxc3 21. Kxc3 Bd7 22. Bd3 Rac8+ 23. Kb2 g6 24. f5 exf5 25. gxf5 Bxf5 26. Bxf5 gxf5 0-1

[Event "Europe Echecs Blitz Nov op"]
[Site "Europe Echecs INT"]
[Date "2020.11.08"]
[Round "4"]
[White "Benoit, David"]
[Black "Villegas, Pierre"]
[Result "0-1"]
[WhiteElo "1933"]
[BlackElo "2367"]
[PlyCount "60"]
[EventDate "2020.11.08"]
[EventType "swiss (blitz)"]
[EventRounds "11"]
[EventCountry "FRA"]
[SourceTitle "CBM 199 Extra"]
[Source "ChessBase"]
[SourceDate "2021.01.31"]
[SourceVersion "1"]
[SourceVersionDate "2021.01.31"]
[SourceQuality "1"]

1. e4 c6 2. d4 d5 3. exd5 cxd5 4. c4 Nf6 5. Nc3 Nc6 6. cxd5 Nxd5 7. Nf3 g6 8. Bb5 Bg7 9. 0-0 0-0 10. Bxc6 bxc6 11. Nxd5 cxd5 12. Qd3 Qb6 13. b3 Ba6 14. Qd1 Bxf1 15. Qxf1 Rfc8 16. Bf4 e6 17. Rd1 Rc2 18. Be5 Rac8 19. Bxg7 Kxg7 20. h3 Rxa2 21. Qd3 Rcc2 22. Rf1 f6 23. Qe3 Rab2 24. Qf4 Rxb3 25. h4 Rb1 26. Rxb1 Qxb1+ 27. Kh2 Rc8 28. h5 Qb8 29. h6+ Kg8 30. Ne5 Rf8 0-1

[Event "Europe Echecs Blitz Nov op"]
[Site "Europe Echecs INT"]
[Date "2020.11.08"]
[Round "5"]
[White "Fondrat, Johan"]
[Black "Benoit, David"]
[Result "0-1"]
[WhiteElo "1509"]
[BlackElo "1933"]
[PlyCount "78"]
[EventDate "2020.11.08"]
[EventType "swiss (blitz)"]
[EventRounds "11"]
[EventCountry "FRA"]
[SourceTitle "CBM 199 Extra"]
[Source "ChessBase"]
[SourceDate "2021.01.31"]
[SourceVersion "1"]
[SourceVersionDate "2021.01.31"]
[SourceQuality "1"]

1. e4 c5 2. c3 Nc6 3. d4 cxd4 4. cxd4 e5 5. d5 Nd4 6. Nf3 Nxf3+ 7. Qxf3 Bc5 8. Nc3 d6 9. a3 h6 10. Be3 Bxe3 11. Qxe3 Ne7 12. Be2 0-0 13. 0-0 f5 14. f3 f4 15. Qf2 Ng6 16. b4 a6 17. b5 Bd7 18. bxa6 bxa6 19. Rab1 Qa5 20. Rb3 Rfc8 21. Nb1 Qa4 22. Rb7 Rc2 23. Re1 Bb5 24. Bxb5 Rxf2 25. Bxa4 Ra2 26. Bb3 Rb2 27. Rd1 Nh4 28. Nd2 a5 29. Rc7 a4 30. Bc4 Rc2 31. Rc6 Rd8 32. Bb5 Ra2 33. Nc4 Rxg2+ 34. Kh1 Rf2 35. Kg1 Rxf3 36. Nxd6 Rxa3 37. Ra6 Ra2 38. Bf1 Nf3+ 39. Kh1 Rxh2# 0-1